|
|
|
|
| LEADER |
00759cam a2200229 7i4500 |
| 001 |
0000034709 |
| 005 |
20171007090000.0 |
| 007 |
##ta |
| 008 |
171007t20172017-uk eng |
| 022 |
0 |
# |
|a 2044575X
|
| 040 |
# |
# |
|a MATR
|
| 090 |
0 |
0 |
|a MORC 629.2
|b MOR
|
| 245 |
0 |
0 |
|a MOROCCO AUTOS REPORT Q3 2017 :
|b INCLUDES 5- YEAR FORECASTS TO 2021.
|
| 264 |
# |
1 |
|a London:
|b Business Monitor International,
|c 2017.
|
| 264 |
# |
4 |
|a ♭2017.
|
| 300 |
# |
# |
|a 54 pages:
|b illustrations;
|c 30 cm.
|
| 336 |
# |
# |
|a text
|2 rdacontent
|
| 337 |
# |
# |
|a unmediated
|2 rdamedia
|
| 338 |
# |
# |
|a volume
|2 rdacarrier
|
| 490 |
0 |
# |
|a Part of BMI's Industry Report & Forecasts Series
|
| 650 |
# |
0 |
|a Automobile industry and trade --
|z Morocco
|
| 999 |
|
|
|a B000039326
|b Book
|c Countries
|e Business Information Centre
|